Civil engineering reference : (Record no. 3067)

MARC details
000 -LEADER
fixed length control field 00673nam a22001937a 4500
003 - CONTROL NUMBER IDENTIFIER
control field OSt
005 - DATE AND TIME OF LATEST TRANSACTION
control field 20250806032816.0
008 - FIXED-LENGTH DATA ELEMENTS--GENERAL INFORMATION
fixed length control field 240910b |||||||| |||| 00| 0 eng d
020 ## - INTERNATIONAL STANDARD BOOK NUMBER
International Standard Book Number 971-8614-45-7
040 ## - CATALOGING SOURCE
Original cataloging agency DWCL-Main Lib.
Transcribing agency OC
082 ## - DEWEY DECIMAL CLASSIFICATION NUMBER
Classification number Fil. 624 G476c 2012
100 ## - MAIN ENTRY--PERSONAL NAME
Personal name Gillesania, Diego Inocencio T
245 ## - TITLE STATEMENT
Title Civil engineering reference :
Remainder of title for licensure examination volume 3 /
Statement of responsibility, etc. Diego Inocencio T. Gillesania
260 ## - PUBLICATION, DISTRIBUTION, ETC.
Place of publication, distribution, etc. [Banawa, Cebu City] :
Name of publisher, distributor, etc. Diego Inocencio Tapang Gillesania,
Date of publication, distribution, etc. c2012.
300 ## - PHYSICAL DESCRIPTION
Extent 230 pages :
Other physical details illustrations ;
Dimensions 23cm.
650 ## - SUBJECT ADDED ENTRY--TOPICAL TERM
Topical term or geographic name entry element 1. Civil engineering - reviewer .
650 ## - SUBJECT ADDED ENTRY--TOPICAL TERM
Topical term or geographic name entry element 2. Questionnaire.
942 ## - ADDED ENTRY ELEMENTS (KOHA)
Source of classification or shelving scheme Dewey Decimal Classification
Koha item type Book-Filipiniana
Call number prefix Fil.
Suppress in OPAC No
952 ## - LOCATION AND ITEM INFORMATION (KOHA)
--
Holdings
Withdrawn status Lost status Source of classification or shelving scheme Damaged status Not for loan Home library Current library Shelving location Date acquired Source of acquisition Total Checkouts Full call number Barcode Date last seen Copy number Price effective from Koha item type Uniform Resource Identifier
    Dewey Decimal Classification     College Library College Library Filipiniana 09/04/2024 Donation   Fil. 624 G476c 2012 54131 09/10/2024 c1 09/10/2024 BK - FIL